000
00334 a2200109 4500
001
ART_50654
005
20260410162007.0
008
260409a
245
1
0
_a
La asamblea judicial como medida de excepción
100
1
_a
Martinat, Julieta
773
0
_t
Temas de derecho civil
_g
- Año 6, N° 2 (feb. 2020)
_w
REV34778
999
_c
31856
_d
31856